|
|
|
|
| LEADER |
00000nab a2200000 ar4500 |
| 001 |
vtls009005849 |
| 003 |
SK-MaSNL |
| 005 |
20260303065712.0 |
| 008 |
070710c2007 xo |||||||| |000 b|hun |
| 015 |
|
|
|a SNBRB2007/07
|2 snkbucl
|
| 038 |
|
|
|a SNKBUCL
|
| 040 |
|
|
|a DSZK
|b slo
|c DSZK
|e AACR2
|
| 041 |
0 |
|
|a hun
|
| 044 |
|
|
|a xo
|c SK
|
| 080 |
|
|
|a 821.511.141 (437.6)-32=511.141
|2 1997
|
| 100 |
1 |
|
|a Németh, István Z.,
|d 1969-
|4 aut
|9 101438
|
| 245 |
1 |
0 |
|a Cyber Tours
|c Z. Németh István
|
| 300 |
|
|
|b Fotogr.
|
| 650 |
0 |
7 |
|a psychologické poviedky, maďarské
|2 snkbucl
|9 71096
|
| 773 |
0 |
|
|t Szőrös kő : irodalom, művészet, kritika
|g Évf. 12, sz. 2 (2007), o. 8-13
|x 1335-6321
|
| 852 |
|
|
|a SNK
|b KIS3GCP
|
| 852 |
|
|
|a DSZK
|b KIS3GCP
|
| 958 |
|
|
|a HU
|
| 958 |
|
|
|a SK
|
| 958 |
|
|
|a LX
|
| 999 |
|
|
|c 1752289
|d 1754219
|